000 00591pab a2200205 454500
008 180718b2007 xxu||||| |||| 00| 0 eng d
100 _aChanana, Karuna
245 _aGlobalisation, higher education and gender: changing subject choices of Indian women students
260 _c2007
300 _ap.590-98.
362 _a17 Feb
650 _aStudents - India
650 _aGlobalization - India
650 _aHigher education - India
650 _aWomens education - India
650 _aWomens education
773 _aEconomic and Political Weekly
908 _aN
909 _a73285
999 _c73285
_d73285